000 00285nam a2200121Ia 4500
005 20251222141842.0
008 251222s9999||||xx |||||||||||||| ||spa||
082 _a868.6/P46/Ej.2
100 _aPérez - Reverte, Arturo
245 0 _aCabo Trafalgar:
264 _bAlfaguara
942 _cLIB
999 _c7466
_d7466